000 00550nam a2200157 a 4500
020 _a2852062429
040 _cDLC
082 0 0 _a664 APR 1984 A045 Or.
245 0 0 _aAdditifs et auxiliaires de fabrication dans les industries agro-alimentaires /
260 _aParis :
_bTechnique & documentation, Lavoisier :
_bAPRIA,
_cc1984.
300 _axxx, 680 p. :
_bill. ;
_c25 cm.
500 _aTitle on spine: Additifs & auxiliaires de fabrication dans les industries agro-alimentaires.
650 0 _aFood additives
700 1 _aMulton, J. L.
942 _cEK
999 _c13223
_d13223